MARC

LEADER 00000nam0a2200000 4500
001 253813
005 20231101232858.0
035 |a (RuTPU)RU\TPU\book\276228 
090 |a 253813 
100 |a 20140317d1913 k y0gery50 ba 
101 0 |a ger 
102 |a DE 
105 |a y a 001zy 
200 1 |a Verzeichnis der in der Gruppe Bauliteratur ausgestellten Werke 
210 |a Leipzig  |d 1913 
215 |a 121 с. 
225 1 |a Internationale Baufach-Ausstellung 
320 |a Verzeichnis der Namen-Reaktionen: s.106-121. 
606 1 |a Библиографические пособия  |x Отраслевые  |2 stltpush  |3 (RuTPU)RU\TPU\subj\28539  |9 52057 
610 1 |a библиографические указатели 
610 1 |a библиография 
610 1 |a литература 
610 1 |a немецкий язык 
686 |a Я19  |v LBC/SL-A  |2 rubbk 
801 1 |a RU  |b 63413507  |c 20140317 
801 2 |a RU  |b 63413507  |c 20140319  |g RCR 
942 |c BK